| 000 | 01513cam a22003857a 4500 | ||
|---|---|---|---|
| 001 | 1623 | ||
| 005 | 20250331113122.0 | ||
| 020 | _a9780545034654 | ||
| 040 |
_aWIQ _cWIQ _dIUI _dOCLCQ _dOCLCA _dXY4 _dDLC _beng |
||
| 050 | 0 | 0 | _aPZ7.E2773 |
| 082 | _a579.3 | ||
| 100 | 1 | _aEgan, Kate | |
| 245 | 1 | 4 |
_aThe magic school bus fights germs / _cwritten by Kate Egan ; illustrated by Carolyn Bracken. |
| 250 | _aFirst printing, February 2008 | ||
| 260 |
_aNew York : _bScholastic, _c2008 |
||
| 300 |
_a29 unnumbered pages : _bColor illustrations ; _c24 cm |
||
| 490 | 1 | _aThe Magic School Bus | |
| 500 | _a"Cartwheel books." | ||
| 500 | _a"Based on the Magic School Bus books written by Joanna Cole and illustrated by Bruce Degen."--P. [4] of cover. | ||
| 505 | _aK | ||
| 520 | _aWanda is sick! Ms. Frizzle and the class will get a close look at her sore throat, but what will happen when Wanda's body mistakes the kids for germs? | ||
| 521 |
_a510
_bLexile |
||
| 521 |
_aK
_bRaz-Plus |
||
| 650 | 0 |
_aFrizzle, Ms. (Fictitious character) _vJuvenile fiction. |
|
| 650 | 0 |
_aBacteria _vJuvenile fiction. |
|
| 650 | 0 |
_aHuman body _vJuvenile fiction. |
|
| 650 | 0 |
_aBacterial diseases _vJuvenile fiction. |
|
| 650 | 1 |
_aFrizzle, Ms. (Fictitious character) _vFiction. |
|
| 650 | 1 |
_aBacteria _vFiction. |
|
| 650 | 1 |
_aHuman body _vFiction. |
|
| 650 | 1 |
_aBacterial diseases _vFiction. |
|
| 700 | 1 |
_aBracken, Carolyn _eillustrator |
|
| 906 |
_a7 _bcbc _ccopycat _d2 _encip _f20 _gy-gencatlg |
||
| 942 |
_2ddc _cBK _n0 |
||
| 999 |
_c1623 _d1623 |
||